000 00753nam a22002297a 4500
005 20170124105937.0
010 _aA-936240
020 _c00.00
_a9780195644180
035 _aA-936240
037 _bCen Lib/Ret
040 _aDPL
_bEN
082 _a363.7009024
_bGRO
100 _aGrove, Richard H
_910264
245 _aEcology, climate and empire :
_cby Richard H Grove
_b the Indian legacy in global environmental history, 1400-1940 /
260 _bNew Delhi
_aOxford University Press
_c1998
270 _aYMCA Library Building, Jai Singh Road
_bNew Delhi
_e110001
300 _a237p. :
_bill
_c22cm(Hb)
500 _aIncludes index
650 _aEurope
_910265
650 _aEcology
_9155
942 _2ddc
_cEN
_h363.700902
_mGRO
999 _c124301
_d124301